Peoplefirst (Record no. 354555)

MARC details
000 -LEADER
fixed length control field 00385nam a2200145Ia 4500
008 - FIXED-LENGTH DATA ELEMENTS--GENERAL INFORMATION
fixed length control field 230719s9999 xx 000 0 und d
041 ## - LANGUAGE CODE
Language code of text/sound track or separate title eng
082 ## - DEWEY DECIMAL CLASSIFICATION NUMBER
Classification number 351
Item number KOC
100 ## - MAIN ENTRY--PERSONAL NAME
Personal name Kochhar S.
9 (RLIN) 203916
245 ## - TITLE STATEMENT
Title Peoplefirst
Remainder of title Vasundhara Raje Model of E-Governance
260 ## - PUBLICATION, DISTRIBUTION, ETC. (IMPRINT)
Date of publication, distribution, etc. 2018
Name of publisher, distributor, etc. Skoch Media Pvt.Ltd.
300 ## - PHYSICAL DESCRIPTION
Extent 192
365 ## - TRADE PRICE
Currency code Rs.
Price amount 1335.00
700 ## - ADDED ENTRY--PERSONAL NAME
Personal name Kochhar S.
9 (RLIN) 203916
Holdings
Withdrawn status Lost status Damaged status Not for loan Home library Current library Shelving location Date acquired Vendor Cost, normal purchase price Full call number Barcode Date last seen Cost, replacement price Bill Date Koha item type Original Barcode
        Cummins College of Engineering for Women Pune Cummins College of Engineering for Women Pune Donated Book 04/01/2019 Masurkar Enterprises 1335.00 351 CCEP-DB-760 19/07/2023 1335.00 19/07/2023 Books D00760